Quizzes
Events
Quiz Creation
Community
Videos
Private Events
Remove Ads
Sign In
Join for FREE
Feedback
Dark Mode
Quiz Categories
Sports
Geography
Music
Movies
Television
Just For Fun
Miscellaneous
History
Literature
Language
Science
Gaming
Entertainment
Religion
Holiday
For Kids
Quiz Lab
Recent
Popular Today
Quiz Kudos Today
Editor Picks
Curator Picks
Quizzes by...
Day
Popularity
Type
Ratings
Length
Year
Community
Subscriptions
Recent Discussions
Orange Saloon
Badges
Playlists
Quests
Create
Leaderboards
Showdown
Live 5
Trivia Bingo
Activity
Puzzle Library
Sporcle Events
Private Events
Virtual Trivia
Globe League
Become a Host
Pub Owners
SporcleCon
Opinionation
Our Games
Videos
Blog
Mobile Apps
Partnerships
Remove Ads and Go Orange
Feedback
Music
Pop Music
The Beatles
Song
Album
Lyrics
Bands
Singers
Artist
Clip
Rock
Rap
Classical
Billboard
Country Music
Kpop
Taylor Swift
Music
Pop Music
The Beatles
Song
Album
Lyrics
Bands
Singers
Artist
Clip
Rock
Rap
Classical
Billboard
Country Music
Kpop
Taylor Swift
Random Quiz
Search Sporcle
×
Quiz Lab
Quiz Lab
Music
Disney
Type in answers that appear in a list
Type in answers that appear in a list
Classic
Best Score? Go Orange.
Name That Disney Tune 4 Stats
Can you name the Name That Disney Tune 4?
By
bubbleskaty
10m
137 Questions
78 Plays
78 Plays
78 Plays
Comments
Comments
Give Quiz Kudos
Give Quiz Kudos
-
- Ratings
hide this ad
Replay
Link that replays current quiz
Next Quiz
Link to next quiz in quiz playlist
You Got
0%
They Got
Avg Score
31%
Avg Friend Score
Upgrade to see
Score Distribution
Jump to the score distribution portion of the page
Score
0/137
Timer
10:00
0
Plays Today
Hint
Lyrics
% Correct
A
89.7%
A
89.7%
The
88.5%
The
88.5%
The
88.5%
The
88.5%
The
88.5%
The
88.5%
The
88.5%
The
88.5%
The
88.5%
The
88.5%
The
88.5%
The
88.5%
The
88.5%
The
88.5%
The
88.5%
I
87.2%
I
87.2%
I
87.2%
I
87.2%
I
87.2%
I
87.2%
To
64.1%
And
61.5%
And
61.5%
And
61.5%
And
61.5%
And
61.5%
And
61.5%
And
61.5%
And
61.5%
On
56.4%
On
56.4%
On
56.4%
On
56.4%
On
56.4%
In
55.1%
In
55.1%
In
55.1%
In
55.1%
In
55.1%
In
55.1%
We
53.8%
Of
51.3%
When
51.3%
Hint
Lyrics
% Correct
Of
51.3%
Of
51.3%
Do
47.4%
My
44.9%
See
37.2%
See
37.2%
Am
34.6%
We're
34.6%
It's
33.3%
Our
30.8%
Our
30.8%
Loo
29.5%
Have
25.6%
Have
25.6%
I'm
24.4%
I'm
24.4%
Up
24.4%
By
24.4%
Can't
24.4%
We'll
20.5%
We'll
20.5%
Every
17.9%
They're
15.4%
Those
12.8%
They've
12.8%
Home
12.8%
Home
12.8%
'Cause
11.5%
Little
9%
Little
9%
Little
9%
Never
9%
That's
9%
Yes
7.7%
Yes
7.7%
Again
6.4%
Wait
6.4%
True
5.1%
Eyes
5.1%
Dalmatian
3.8%
Plantation
3.8%
Open
3.8%
Dalmatian
3.8%
Plantation
3.8%
Dalmatian
3.8%
Plantation
3.8%
Hint
Lyrics
% Correct
Dalmatian
3.8%
Plantation
3.8%
Begin
2.6%
Rooms
1.3%
Halls
1.3%
Floors
1.3%
Rise
1.3%
Shall
1.3%
Roam
1.3%
Sweet
1.3%
Living
1.3%
Rooms
1.3%
Halls
1.3%
Spots
0%
Seeing
0%
Spots
0%
Everywhere
0%
Seeing
0%
Spots
0%
Tiny
0%
Dots
0%
Beds
0%
Cots
0%
Pans
0%
Pots
0%
Left
0%
Spots
0%
Spots
0%
Walls
0%
Drawers
0%
Morning
0%
Taken
0%
Surprise
0%
Instead
0%
Seeing
0%
Skies
0%
Lots
0%
Spots
0%
Spots
0%
Spots
0%
Spots
0%
Everywhere
0%
Beds
0%
Cots
0%
Walls
0%
Quiz Playlist
Details
Report
Send in Message
Add To Playlist
Classic:
Type in answers that appear in a list
Last Updated: Jul 28, 2017
Quiz Scoreboard
CHALLENGE
Sign Up to Join the Scoreboard
Show All
Scores
Hide
Comments
May contain spoilers
Recently Published
9x9 Crossword: Cartoon Network
by jackfrog10
Miscellaneous
3m
College Basketball Coaching Resumes
by pancakes188
Sports
9m
Billboard Blitz: Fleetwood Mac
by CooCooCachoo
Music
15s
More to Explore
Quiz From the Vault
Featured Blog Post
Where Did the Easter Bunny Come From?
hide this ad
You Might Also Like...
Tags
Disney Quiz
Classic Disney
Disney Lyrics
Disney Songs
Today's Top Quizzes in Music
Browse Music
hide this ad
Today's Top Quizzes in Disney
Browse Disney
Top Contributed Quizzes in Music
1
Taylor Swift All Songs (2024)
2
Guess the Artist- 70s Songs
3
7-to-1: Billboard Hot 100 #1 Hits of 2010s
4
Sorting Albums and Songs
5
Taylor Swift Logic Puzzle
6
KPOP LOGIC QUIZ
7
Guess the Taylor Swift song (Mystery Song)
8
Guess The Taylor Swift Lyrics Song #1
9
Billboard Blitz: ABBA
10
One Thing in Common: Music
Explore More
Trending Topics
Disney
Kpop
Anime
Marvel
NBA
Crossword
Harry Potter
Pokémon
NFL
Soccer
Puzzle
Song
WWE
Country
The Office
hide this ad
More By:
bubbleskaty
Quiz
Plays
Rating
Category
Featured
Created
Name Them (Desperate Houswives Edition)
496
2.00
Television
Jul 6, 2016
Name That Disney Tune 1
183
5.00
Music
Jul 28, 2017
Name That Disney Tune 4
78
Music
Jul 28, 2017
Name That Disney Tune 2
63
Music
Jul 28, 2017
Name That Disney Tune 3
52
Music
Jul 28, 2017
Go to Creator's Profile
Score Distribution
Quiz Creator Spotlight
bubbleskaty
Follow
Send a Message
Quizzes Created
-
Created Quiz Play Count
-
More By This Creator
Popular Quizzes Today
1
Find the US States - No Outlines Minefield
2
Find the Countries of Europe - No Outlines Minefield
3
The Countries of the World
4
Find the US States
5
Risky Map Clicking: Biggest States A-Z
6
US States
7
Popular People in 1961
8
Movies - When Are They Set?
More Music Quizzes
Classical Music Clips - Cello (Medium)
Curator's Pick
Trending Quizzes
Risky Map Clicking: Least Populous States A-Z
1-10 Letter G Words
Risky Map Clicking: Next State Alphabetically
Adjectives in 80s TV Shows
Risky Map Clicking: Biggest States A-Z
Recently Updated
Leaping Animals
pecheneg
Reality TV Shows (A-Z)
bhenderson79
Rickey Henderson's Hall of Fame Teammates
pecheneg
Champions League XIs: Arsenal
pecheneg
Quick Pick: Celebrities in WWE's Hall of Fame
aduchscher
A-Z Keypad Blitz II
pecheneg
Multiple Oscar Actors
pecheneg
Mystery Phrase Blitz: Oscar 'Best Actors'
pecheneg
F. Scott Fitzgerald Novels
LTH
Pick 3 Villains
ddd62291
Trending Topics
Anime
Disney
NBA
Harry Potter
Marvel
Kpop
Crossword
Puzzle
Song
Pokémon
WWE
NFL
Soccer
Country
The Office
Your Account Isn't Verified!
In order to create a playlist on Sporcle, you need to verify the email address you used during registration. Go to your
Sporcle Settings
to finish the process.
Report this User
Report this user for behavior that violates our
Community Guidelines
.
Details:
Send Report
Go to the Sporcle.com Mobile Site →
Comments